=LDR 00000nam 2200000 4500 =001 000564 =005 20250711124505 =035 ##$$a 0010-0725000432 =007 ta =008 250711################a##########0#ind## =020 ##$$a 978-623-307-411-7 =082 ##$$a 398.209 598 =084 ##$$a 398.209 598 ADI s =100 #$$a Adithimanasa TS =245 1#$$a Selamatkan pohon kita /$c Adithimanasa TS =250 ##$$a Cetakan pertama =260 ##$$a Rawamangun :$b Badan pengembangan dan pembinaan bahasa,$c 2022 =300 ##$$a 20 hlm. : $b Ilus. ; $c 29cm =650 #4$$a Cerita anak indonesia-terjemahan =990 ##$$a TBM03250325